000 00749nam a2200205 i 4500
001 42274
003 ES-MaACL
005 20251003152032.0
007 t|
008 030313m19451946sp ||||1| spa d
245 0 0 _aCedulario indiano /
_crecopilado por Diego de Encinas ; estudio e índices por Alfonso García Gallo.
260 _aMadrid :
_bCultura Hispánica,
_c1945-1946 (
_fGráf. Ultra)
300 _a4 v. ;
_c33 cm.
534 _pReprod. facsímil de la ed. única de:
_cMadrid : en la Imprenta Real, 1596.
650 4 _aDerecho colonial-
_zAmérica española
_911671
700 1 _aEncinas, Diego de.
_947180
700 1 _aGarcía-Gallo, Alfonso,
_d1911-1992
_954644
852 _aES-MaACL
_jB-5904-08
999 _c42274
_d42274